000 00475nam a22001817a 4500
005 20250705102346.0
008 250705b |||||||| |||| 00| 0 eng d
020 _a9781616142391
_qpbk
041 _aeng
082 _a823.92 TCH
100 _aTchaikovsky Adrian
245 _aSalute The Dark- Shadows Of The Apt
_c/ Adrian Tchaikovsky
250 _a1st ed
260 _aNew York
_bPyr
_c2010
300 _a325p. :
_c25cm
650 _aEnglish Fiction
942 _cENGLISH
999 _c574777
_d574777